000 01043cam a2200289 i 4500
999 _c127018
_d127018
001 1781619
005 20171003114615.0
008 771207s1977 enk 001 0 eng
010 _a 77372369
015 _aGB77-08947
020 _a0710084463 :
_c£7.50
040 _aDLC
_cDLC
_dDLC
041 1 _aeng
_hfre
043 _ae-fr---
050 0 0 _aLA691
_b.D813
082 0 0 _a373.44
100 1 _aDurkheim, Émile,
_d1858-1917.
_936672
245 1 4 _aThe evolution of educational thought :
_blectures on the formation and development of secondary education in France /
_cEmile Durkheim ; translated by Peter Collins.
260 _aLondon ;
_aBoston :
_bRoutledge & Kegan Paul,
_c1977.
300 _axxx, 354 p. ;
_c22 cm.
500 _aTranslation of L'évolution pédagogique en France.
500 _aIncludes index.
650 0 _aEducation, Secondary
_zFrance
_xHistory.
_936673
906 _a7
_bcbc
_corignew
_d3
_encip
_f19
_gy-gencatlg
942 _2lcc
_cMONOGRAPH